The Secret Of The Veda-6 (Record no. 1239293)

MARC details
000 -LEADER
fixed length control field 00482nam a2200193Ia 4500
008 - FIXED-LENGTH DATA ELEMENTS--GENERAL INFORMATION
fixed length control field 151121s9999||||xx |||||||||||||| ||und||
082 ## - DEWEY DECIMAL CLASSIFICATION NUMBER
Classification number 294।1/Aur
082 ## - DEWEY DECIMAL CLASSIFICATION NUMBER
Item number HNW-56916
100 ## - MAIN ENTRY--PERSONAL NAME
Personal name Aurobindo Sri
245 #4 - TITLE STATEMENT
Title The Secret Of The Veda-6
260 ## - PUBLICATION, DISTRIBUTION, ETC. (IMPRINT)
Name of publisher, distributor, etc S।A।A।Pondicherry।
260 ## - PUBLICATION, DISTRIBUTION, ETC. (IMPRINT)
Date of publication, distribution, etc --
300 ## - PHYSICAL DESCRIPTION
Extent 581
600 ## - SUBJECT ADDED ENTRY--PERSONAL NAME
Personal name Aurobindo Sri
630 ## - SUBJECT ADDED ENTRY--UNIFORM TITLE
Uniform title The Secret Of The Veda-6
700 ## - ADDED ENTRY--PERSONAL NAME
Personal name Aurobindo Sri
730 ## - ADDED ENTRY--UNIFORM TITLE
Uniform title The Secret Of The Veda-6
942 ## - ADDED ENTRY ELEMENTS (KOHA)
Koha item type Book
Holdings
Withdrawn status Lost status Damaged status Not for loan Home library Current library Date acquired Total Checkouts Full call number Barcode Date last seen Price effective from Koha item type
        Hirachand Nemchand Wachanalaya, Solapur Hirachand Nemchand Wachanalaya, Solapur 11/21/2015   HNW-56916 HNW-56916 11/21/2015 11/21/2015 Book